Grandes escritores rusos / (Record no. 75725)

MARC details
000 -LEADER
campo de control de longitud fija 00676nam a2200205 i 4500
001 - NÚMERO DE CONTROL
campo de control 75725
003 - IDENTIFICADOR DE NÚMERO DE CONTROL
campo de control ES-MaACL
005 - FECHA Y HORA DE LA ÚLTIMA TRANSACCIÓN
campo de control 20230906172555.0
007 - CAMPO FIJO DE DESCRIPCIÓN FÍSICA--INFORMACIÓN GENERAL
campo de control de longitud fija t|
008 - DATOS DE LONGITUD FIJA--INFORMACIÓN GENERAL
campo de control de longitud fija 040927s1951 sp ||||1| spa d
245 00 - MENCIÓN DEL TÍTULO
Título Grandes escritores rusos /
Mención de responsabilidad, etc. estudio preliminar por Pablo Schostakovsky ; traducciones de Nina Maganov.
260 ## - PUBLICACIÓN, DISTRIBUCIÓN, ETC.
Lugar de publicación, distribución, etc. Barcelona :
Nombre del editor, distribuidor, etc. Exito,
Fecha de publicación, distribución, etc. [1951] (
Fabricante S.G. de publicaciones)
300 ## - DESCRIPCIÓN FÍSICA
Extensión XXX, 495 p., 1 lám ;
Dimensiones 21 cm.
490 1# - MENCIÓN DE SERIE
Mención de serie Clásicos Jackson ;
Designación de volumen o secuencia 19
700 1# - ENTRADA AGREGADA--NOMBRE PERSONAL
Nombre de persona Schostakovsky, Pablo.
9 (RLIN) 104669
700 1# - ENTRADA AGREGADA--NOMBRE PERSONAL
Nombre de persona Maganov, Nina.
9 (RLIN) 75442
830 0# - PUNTO DE ACCESO ADICIONAL DE SERIE-TÍTULO UNIFORME
Título uniforme Clásicos Jackson ;
Designación de volumen o secuencia 19
9 (RLIN) 186380
852 ## - LOCALIZACIÓN
Ubicación ES-MaACL
Número de control de estantería D-8202
Sublocalización o colección R.32662
Holdings
Estatus retirado Estado de pérdida Estado de daño No para préstamo Biblioteca de origen Biblioteca actual Ubicación en estantería Fecha de adquisición Fuente de adquisición Total de préstamos Signatura topográfica completa Código de barras Visto por última vez Precio de reemplazo Tipo de ítem Koha
        Biblioteca del Ateneo de Madrid Biblioteca del Ateneo de Madrid Sala Valle Inclán 17/01/2008     D-8202 901079259 23/02/2023 23/02/2023 Libro impreso